000 01930nam a2200397 i 4500
001 CR9780511751837
003 UkCbUP
005 20250131171214.0
006 m|||||o||d||||||||
007 cr||||||||||||
008 100421s1993||||enk o ||1 0|eng|d
020 _a9780511751837 (ebook)
020 _z9780521451536 (hardback)
020 _z9780521089937 (paperback)
040 _aKO
_beng
041 0 _aeng
082 0 0 _a620/.4162
_220
245 0 0 _aComposite materials in maritime structures.
_nVolume 1,
_pFundamental aspects /
_cedited by R.A. Shenoi and J.F. Wellicome.
264 1 _aCambridge :
_bCambridge University Press,
_c1993.
300 _a1 online resource (xvi, 351 pages) :
_bdigital, PDF file(s).
338 _aonline resource
490 1 _aCambridge ocean technology series ;
_v4
500 _aTitle from publisher's bibliographic system (viewed on 05 Oct 2015).
520 _aThe two volumes that comprise this work provide a comprehensive guide and source book on the marine use of composite materials. This first volume, Fundamental Aspects, provides a rigourous development of theory. Areas covered include materials science, environmental aspects, production technology, structural analysis and the role of standard test procedures. These volumes will provide an introduction to this important and fast-growing area for students and researchers in naval architecture and maritime engineering. It will also be of value to practising engineers as a comprehensive reference book.
650 0 _aMarine engineering
_xMaterials.
650 0 _aOcean engineering
_xMaterials.
650 0 _aFiber-reinforced plastics.
700 1 _aShenoi, R. A.,
_eeditor.
700 1 _aWellicome, J. F.,
_eeditor.
830 0 _aCambridge ocean technology series ;
_v4.
856 4 0 _uhttps://doi.org/10.1017/CBO9780511751837
904 _aRUDRA_R
905 _aR_RANJAN
942 _2ddc
_cEB
999 _c3313
_d3313